| Tag |
First Indicator |
Second Indicator |
Subfields |
| LEADER |
00000cas a2200000 a 4500 |
| 001 |
in00003469080 |
| 005 |
20190407113427.0 |
| 006 |
m o d |
| 007 |
cr bn ---uuuuu |
| 008 |
120212d191819uusp wr n o 0 a0eng d |
| 035 |
|
|
|a AC006162
|
| 040 |
|
|
|a UkMbAM-D
|c UkMbAM-D
|d UtOrBLW
|
| 043 |
|
|
|a ew-----
|a n-us---
|
| 245 |
0 |
0 |
|a American news.
|
| 264 |
|
1 |
|a Madrid :
|b Madrid Representation of the Committee on Public Information,
|c 1918-
|
| 300 |
|
|
|a 1 online resource.
|
| 310 |
|
|
|a Weekly
|
| 336 |
|
|
|a text
|b txt
|2 rdacontent
|
| 337 |
|
|
|a computer
|b c
|2 rdamedia
|
| 338 |
|
|
|a online resource
|b cr
|2 rdacarrier
|
| 362 |
1 |
|
|a Began in July? 1918.
|
| 500 |
|
|
|a "For and by Americans in the Peninsula"
|
| 500 |
|
|
|a Editor, Ricardo Fernández Carvajal.
|
| 535 |
1 |
|
|a Cambridge University Library
|
| 500 |
|
|
|a Electronic resource.
|
| 610 |
1 |
0 |
|a United States.
|b Army
|v Newspapers.
|
| 650 |
|
0 |
|a World War, 1914-1918
|z Western Front
|v Newspapers.
|
| 650 |
|
0 |
|a World War, 1914-1918
|z United States
|v Newspapers.
|
| 650 |
|
0 |
|a Americans
|z Spain
|v Newspapers.
|
| 651 |
|
0 |
|a United States
|v Newspapers.
|
| 655 |
|
7 |
|a Newspapers.
|2 local
|
| 700 |
1 |
|
|a Fernández Carvajal, Ricardo.
|
| 710 |
1 |
|
|a United States.
|b Committee on Public Information.
|
| 710 |
2 |
|
|a Cambridge University Library.
|
| 710 |
2 |
|
|a Adam Matthew Digital (Firm)
|
| 856 |
4 |
0 |
|u http://proxy.library.tamu.edu/login?url=http://www.firstworldwar.amdigital.co.uk/Contents/DocumentDetails.aspx?documentid=75605
|z Connect to the full text of this electronic resource
|t 0
|
| 999 |
|
|
|a MARS
|
| 999 |
f |
f |
|s 21fb72b5-069e-3eb1-8761-6a61a12ebb7d
|i da6aac36-635a-33f1-b1e8-5028b69fe382
|t 0
|
| 952 |
f |
f |
|a Texas A&M University
|b College Station
|c Electronic Resources
|d Available Online
|t 0
|h No information provided
|
| 998 |
f |
f |
|t 0
|l Available Online
|